Biochemistry : an introduction (Record no. 9576)

000 -LEADER
fixed length control field 00245nam a22001217a 4500
040 ## - CATALOGING SOURCE
Transcribing agency HS
082 ## - DEWEY DECIMAL CLASSIFICATION NUMBER
Classification number 577
100 ## - MAIN ENTRY--AUTHOR NAME
Personal name TRUDY MCKEE
245 ## - TITLE STATEMENT
Title Biochemistry : an introduction
260 ## - PUBLICATION, DISTRIBUTION, ETC. (IMPRINT)
Place of publication RUA
Name of publisher TRUDY MCKEE
Year of publication NA
300 ## - PHYSICAL DESCRIPTION
Number of Pages 331p;
942 ## - ADDED ENTRY ELEMENTS (KOHA)
Koha item type សៀវភៅភាសាអង់គ្លេស
952 ## - LOCATION AND ITEM INFORMATION (KOHA)
Withdrawn status [LOCAL, KOHA] 0
952 ## - LOCATION AND ITEM INFORMATION (KOHA)
Withdrawn status [LOCAL, KOHA] 0
Holdings
Permanent Location Date acquired Koha item type Lost status Shelving location Barcode Current Location Full call number
Library Block C2016-09-05សៀវភៅភាសាអង់គ្លេស C163RUA045368Library Block C577 TRU NA C163
Library Block C2016-09-05សៀវភៅភាសាអង់គ្លេស  RUA045308Library Block C577 TRU NA
មជ្ឈមណ្ឌលឯការនៃសាកលវិទ្យាល័យភូមិន្ទកសិកម្មចំការដូង

Powered by Koha